Statistics for 1900 Summer Olympics Sports Quiz

Click here to take the quiz!

General Stats

  • This quiz has been taken 10 times
    (7 since last reset)
  • The average score is 11 of 20

Answer Stats

Answer% Correct
Athletics
100%
Swimming
100%
Fencing
86%
Cycling
71%
Football (Soccer)
71%
Archery
57%
Gymnastics
57%
Rowing
57%
Sailing
57%
Tennis
57%
Water Polo
57%
Equestrian
43%
Rugby Union
43%
Shooting
43%
Tug of War
43%
Basque Pelota
29%
Cricket
29%
Polo
29%
Croquet
14%
Golf
14%

Score Distribution

Percentile by Number Answered

Percent of People with Each Score

Your Score History

You have not taken this quiz since the last reset